| 000 | 00953nam a22001817a 4500 | ||
|---|---|---|---|
| 999 |
_c60004 _d60004 |
||
| 003 | Ge_BSU | ||
| 005 | 20230530111234.0 | ||
| 008 | 230530s1982 ge ||||| |||| 00| 0 geo d | ||
| 041 | _ageo | ||
| 080 | _a061.231:93/94(479.22) მ-59 | ||
| 100 |
_aმეტრეველი, როინ _918295 |
||
| 245 |
_aსაქართველოს საისტორიო და საეთნოგრაფიო საზოგადოება : _bისტორიული ნარკვევი. მასალები / _cროინ მეტრეველი. |
||
| 264 |
_aთბილისი : _bხელოვნება, _c1982. |
||
| 300 |
_a376 გვ. : _b10 ფ. ილ. ; _c21 სმ. |
||
| 501 | _aსაძიებელი: გვ. 359-372. | ||
| 653 | _aსაქართველოს საისტორიო და საეთნოგრაფიო საზოგადოება | ||
| 942 |
_2udc _cBK |
||